| 000 | 01882nam a2200409 a 4500 | ||
|---|---|---|---|
| 001 | ebr10320143 | ||
| 003 | CaPaEBR | ||
| 006 | m u | ||
| 007 | cr cn||||||||| | ||
| 008 | 050823s2006 caub sb 001 0 eng d | ||
| 010 | _z 2005023931 | ||
| 020 | _z1593760310 | ||
| 020 | _z9781593760311 | ||
| 020 | _z9781593761516 | ||
| 020 | _z9781582439945 | ||
| 040 |
_aCaPaEBR _cCaPaEBR |
||
| 035 | _a(OCoLC)607886878 | ||
| 043 | _an-usa-- | ||
| 050 | 1 | 4 |
_aF217.A65 _bB54 2006eb |
| 082 | 0 | 4 |
_a975 _222 |
| 100 | 1 |
_aBiggers, Jeff, _d1963- |
|
| 245 | 1 | 4 |
_aThe United States of Appalachia _h[electronic resource] : _bhow Southern mountaineers brought independence, culture, and enlightenment to America / _cJeff Biggers. |
| 260 |
_a[Emeryville, Calif.] : _bShoemaker & Hoard : _bDistributed by Publishers Group West, _cc2006. |
||
| 300 |
_axv, 238 p. : _bmap. |
||
| 504 | _aIncludes bibliographical references (p. 215-226) and index. | ||
| 505 | 0 | _aThe trail of words -- The first Washington, D.C. -- Down from the mountain -- The emancipators -- All the news that's fit to print -- The great American industrial saga -- We shall overcome. | |
| 533 |
_aElectronic reproduction. _bPalo Alto, Calif. : _cebrary, _d2013. _nAvailable via World Wide Web. _nAccess may be limited to ebrary affiliated libraries. |
||
| 650 | 0 |
_aAppalachians (People) _xHistory. |
|
| 650 | 0 |
_aAppalachians (People) _xIntellectual life. |
|
| 650 | 0 |
_aAppalachians (People) _xPolitics and government. |
|
| 651 | 0 |
_aAppalachian Region, Southern _xHistory. |
|
| 651 | 0 |
_aAppalachian Region, Southern _xIntellectual life. |
|
| 651 | 0 |
_aAppalachian Region, Southern _xPolitics and government. |
|
| 655 | 7 |
_aElectronic books. _2local |
|
| 710 | 2 | _aebrary, Inc. | |
| 856 | 4 | 0 |
_uhttp://site.ebrary.com/lib/rucke/Doc?id=10320143 _zAn electronic book accessible through the World Wide Web; click to view |
| 999 |
_c174659 _d174659 |
||